Constitution of India. : (Record no. 583)

MARC details
000 -LEADER
fixed length control field 00636cam a2200229ua 4500
001 - CONTROL NUMBER
control field 654
005 - DATE AND TIME OF LATEST TRANSACTION
control field 20260515113214.0
008 - FIXED-LENGTH DATA ELEMENTS--GENERAL INFORMATION
fixed length control field 110412n ii |||gr||||Z||||||eng
020 ## - INTERNATIONAL STANDARD BOOK NUMBER
International Standard Book Number 81-200-0261-x
020 ## - INTERNATIONAL STANDARD BOOK NUMBER
International Standard Book Number 81-200-0262-8
020 ## - INTERNATIONAL STANDARD BOOK NUMBER
International Standard Book Number 81-200-0263-6
040 ## - CATALOGING SOURCE
Transcribing agency MAIN
082 ## - DEWEY DECIMAL CLASSIFICATION NUMBER
Classification number 342.54
245 ## - TITLE STATEMENT
Title Constitution of India. :
Remainder of title 2 volumes. /
Statement of responsibility, etc. By Mangal Chandra Jain Kagzi.
250 ## - EDITION STATEMENT
Edition statement 5th.
260 ## - PUBLICATION, DISTRIBUTION, ETC.
Place of publication, distribution, etc. New Delhi.:
Name of publisher, distributor, etc. Metropolitan book co private ltd.,988.
300 ## - PHYSICAL DESCRIPTION
Extent xIviii, 763 p.:
Dimensions 22 cm.
653 ## - INDEX TERM--UNCONTROLLED
Uncontrolled term Political science.
653 ## - INDEX TERM--UNCONTROLLED
Uncontrolled term Constitution of India.
700 ## - ADDED ENTRY--PERSONAL NAME
Personal name Kazgi, Mangal Chandra Jain.,
942 ## - ADDED ENTRY ELEMENTS (KOHA)
Koha item type Books
Holdings
Withdrawn status Lost status Damaged status Not for loan Home library Current library Shelving location Date acquired Total checkouts Full call number Barcode Date last seen Copy number Price effective from Koha item type
        Naharkatiya College Library Naharkatiya College Library General stacks 09/19/2020   342.54 | KAG 563 09/19/2020 2 09/19/2020 Books
        Naharkatiya College Library Naharkatiya College Library General stacks 09/19/2020   342.54 | KAG 564 09/19/2020 1 09/19/2020 Books